000
00284nam a2200109Ia 4500
005
20251222140105.0
008
251222s1900||||xx |||||||||||||| ||spa||
082
_a
144.3/J19
100
_a
"James, William"
245
0
_a
Pragmatismo: Nombre nuevo de antiguos modos de pensar
942
_c
LIB
999
_c
4097
_d
4097